000
00236 a2200097 4500
001
33827
100
_a
Mushtaq Ahmed Yousfi
245
_a
Zargozasht; Sawanih Nao Umri [Urdu]
260
_a
Karachi
_b
Daniyal
_c
2004
090
_c
22481
_d
22481
942
_a
NUST-CAE
_c
M
_c
13871
999
_c
268900
_d
268900